| 000 | 00681nam a22002177a 4500 | ||
|---|---|---|---|
| 999 |
_c182279 _d182279 |
||
| 005 | 20211108105251.0 | ||
| 010 | _aEN230921 | ||
| 020 |
_a9788124802731 (Vol.1) _c750.00 |
||
| 020 |
_a9788124802748 (Vol.2) _c750.00 |
||
| 020 |
_a9788124802755 (Vol.3) _c750.00 |
||
| 020 |
_a9788124802762 (Vol.4) _c750.00 |
||
| 037 | _bPeacock Books | ||
| 100 | _aSharma,R.S. | ||
| 245 |
_aWilliam Shakespeare :The Complete Works / _cBy R.S.Sharma [and] Ratri Ray |
||
| 260 |
_aNew Delhi _bPeacock Books _c2022 |
||
| 270 |
_a7/12,Ansari Road,Daryaganj, _bNew Delhi _e110002 |
||
| 300 |
_a4V(456;870;1260;1692)p. _c25cm(Hb) |
||
| 490 | _v4volume | ||
| 700 | _aRay,Ratri | ||
| 942 |
_2ddc _cEN _mSHA |
||